| 000 | 00999cam a2200313 i 4500 | ||
|---|---|---|---|
| 001 | |||
| 003 | DO-SdBNP | ||
| 005 | 20240213123716.0 | ||
| 008 | 120609t2003 sp a 000 0 spa | ||
| 010 | _a 2012547830 | ||
| 040 |
_aBPMSU _bspa _erda _cBPMSU _d |
||
| 082 | 4 |
_a616.9 _bM562e 2003 _222 |
|
| 100 | 1 |
_aMerino Amador, Paloma, _d1974- |
|
| 245 | 0 | 0 |
_aEnfermedades del viajero / _cPaloma Merino Amador ; ilustraciones David Lucas |
| 246 | 1 | 4 |
_aEnfermedades del viajero: _bcausas, síntomas, soluciones.... |
| 260 |
_aMadrid : _bEdimat Libros, _c2003 |
||
| 300 |
_a 205 p. : _b ils. ; _c23 cm |
||
| 336 |
_atext _btxt _2rdacontent |
||
| 337 |
_aunmediated _bn _2rdamedia |
||
| 338 |
_avolume _bnc _2rdacarrier |
||
| 490 | 0 |
_aMédico en casa, _v8 |
|
| 504 | _a | ||
| 590 | _aInventariado, 2024/VM | ||
| 650 | 4 |
_aEnfermedades _vPreguntas y respuestas. |
|
| 650 | _aEnfermedades. | ||
| 700 | 1 |
_aLucas, David _e ilustrador |
|
| 910 | _aVMateo V. Control de calidad. BPMSU | ||
| 942 |
_2ddc _cBK |
||
| 999 |
_c14567 _d14567 |
||